| 000 | 00000nam 2200000zi 4500 |
| 001 | 9.867705 |
| 003 | CaOODSP |
| 005 | 20221107162401 |
| 006 | m o d f |
| 007 | cr ||||||||||| |
| 008 | 190129s1958 onc ot f|0| 0 eng d |
| 040 | |aCaOODSP|beng|erda|cCaOODSP |
| 043 | |an-cn--- |
| 086 | 1 |aM38-1/20-1958E-PDF |
| 100 | 1 |aFlengas, S. N., |eauthor. |
| 245 | 10|aVoltaic cells in fused salts. |nPart IV, |pElectrode potentials of the systems: T1/T1Cl (KCl-NaCl), Cu/Cucl (KCl-NaCl), CuCuCl2 (KC1-NaCl), Cr/CrCl2 (KCl-NaCl, and Cr/CrCl2 (KC1-NaCI). Redox potentials of the systems: Pt/CuCl, CuCl2 (KCl-NaCl), and Pt/CrCl2, CrCl2 (KCl-NaCl) / |cS. N. Flengas and T. R. Ingraham. |
| 264 | 1|aOttawa, Ontario : |bDepartment of Mines and Technical Surveys, |c1958. |
| 300 | |a1 online resource ( [14] pages) |
| 336 | |atext|btxt|2rdacontent |
| 337 | |acomputer|bc|2rdamedia |
| 338 | |aonline resource|bcr|2rdacarrier |
| 490 | 1 |aMines Branch Research Report ; |vR 20. |
| 500 | |aTitle from cover. |
| 500 | |a"Reprinted from Canadian Journal of Chemistry, Vol. 36, 1958, pp. 1103-1115." |
| 504 | |aIncludes bibliographic references. |
| 692 | 07|2gccst|aMetals |
| 692 | 07|2gccst|aMinerals |
| 700 | 1 |aIngraham, Thomas R., |eauthor. |
| 710 | 1 |aCanada. |bDepartment of Mines and Technical Surveys. |
| 710 | 1 |aCanada. |bMines Branch. |
| 830 | #0|aResearch report (Canada. Mines Branch)|vR 20.|w(CaOODSP)9.855660 |
| 856 | 40|qPDF|s746 KB|uhttps://publications.gc.ca/collections/collection_2019/rncan-nrcan/m38-1/M38-1-20-1958-eng.pdf |